000 00451nam a2200181Ia 4500
001 25315
005 20260414151141.0
008 260414t2021||||xx |||||||||||||| ||spa||
041 _aESP
082 _a346.46
_bL13
100 _aLacruz Mantecón, Miguel L.;
_eAUT
245 0 _aInteligencia artificial y derecho de autor
_b
260 _c2021
300 _a198 páginas :
_c24 cm.
650 _aDER
654 _aCDE
942 _cLIB
_dJUS
_fJUS
_2ddc
_n
999 _c25315
_d25315